Los Hogares Mundet / por A. García Moral
Publicado:
Amigos de la ciudad, revista de Cataluña, núm. 13 (oct.-nov. 1965), pàg. 44 - 46 :
Descripción Física:
fot. ; 27 cm
MARC
| LEADER | 00000nam a2200000Ia 4500 | ||
|---|---|---|---|
| 001 | 21490 | ||
| 008 | 160829s9999 xx 000 0 cat d | ||
| 080 | |a FU-40-13 | ||
| 100 | |a García Moral, Antonio |9 43592 | ||
| 245 | |a Los Hogares Mundet / por A. García Moral | ||
| 260 | |a Amigos de la ciudad, revista de Cataluña, núm. 13 (oct.-nov. 1965), pàg. 44 - 46 | ||
| 300 | |a fot. ; |c 27 cm | ||
| 590 | |a Secció de la revista: Visitando la ciudad. | ||
| 590 | |a Prové de J-1452 | ||
| 610 | 2 | 0 | |a Llars Mundet |x Història |9 54212 |
| 650 | |a Orfenats |x Barcelona |9 37281 | ||
| 901 | |a Arxiu | ||
| 942 | |n 1 | ||
| 952 | |0 0 |1 0 |4 0 |6 FU4013 |7 1 |9 51521 |a Arxiu |b Arxiu |d 2016-12-01 |l 0 |o FU-40-13 |p 21490 |r 2016-12-01 00:00:00 |w 2016-12-01 |y ARXIU | ||
| 999 | |c 55366 |d 55366 | ||